[Event "Paris Apsap op 53rd"]
[Site "Paris"]
[Date "2002.??.??"]
[Round "8"]
[White "Saouid, A."]
[Black "Chochoy, Nicolas"]
[Result "0-1"]
[WhiteElo "1810"]
[BlackElo "1840"]
[PlyCount "92"]
[EventDate "2002.??.??"]
[EventType "swiss"]
[EventRounds "9"]
[EventCountry "FRA"]
[SourceTitle "EXT 2003"]
[Source "ChessBase"]
[SourceDate "2002.11.25"]
[SourceVersion "1"]
[SourceVersionDate "2002.11.25"]
[SourceQuality "1"]

1. Nf3 d5 2. c4 c6 3. cxd5 cxd5 4. Nc3 Nf6 5. d4 Nc6 6. g3 e6 7. Bg2 Bd6 8. 0-0 a6 9. e4 Nxe4 10. Nxe4 dxe4 11. Ng5 f5 12. d5 exd5 13. Qxd5 Qf6 14. Rd1 Be7 15. a3 h6 16. Nh3 Be6 17. Qd2 0-0 18. Nf4 Rfd8 19. Qc2 Nd4 20. Rxd4 Rxd4 21. Be3 Rc4 22. Qe2 Rac8 23. Qd1 Bf7 24. Bf1 Rd8 25. Qe2 Qc6 26. Rd1 Rxd1 27. Qxd1 Rc2 28. Bd4 Rc1 29. Qd2 Qc2 30. Qxc2 Rxc2 31. h3 Bc5 32. Bxc5 Rxc5 33. Ne2 Bc4 34. Nd4 Bxf1 35. Kxf1 Rd5 36. Nb3 Rb5 37. Nd4 Rxb2 38. Nxf5 Ra2 39. Nd6 Rxa3 40. Nxb7 e3 41. Nc5 Ra1+ 42. Ke2 exf2 43. Kxf2 a5 44. h4 a4 45. Ke2 a3 46. Ne4 Re1+ 0-1